000 01403nam a22003857a 4500
003 CHAP
005 20220329142023.0
008 990304d1998 mx r 00110 spa d
010 _a77157
011 _a78129
035 _a87980
040 _cCHAP
090 _aTesis
100 0 0 _aAcosta Cruz, Nelson.
_9643
245 1 0 _aEngorda de corderos en corral implantados a diferentes dosis de zeranol
_c/por Nelzon Acosta Cruz y Oscar Enrique del Razo Rodríguez
260 _aChapingo, Méx. :
_bEl autor,
_c1998.
300 _a51 h. :
_bcuadros
502 _aTesis (Ing. Agr. Esp. en Zootecnia) -- UACH. Departamento de Zootecnia
590 _aALEPH
_b10
_c20130110
_lUCH01
_h1428
590 _aBATCH-UPD
_b10
_c20130110
_lUCH01
_h0621
590 _aBATCH-UPD
_b10
_c20130410
_lUCH01
_h0304
590 _aBATCH-UPD
_b10
_c20130914
_lUCH01
_h1513
590 _aCONVERSION
_b10
_c20130109
_lUCH01
_h1342
650 1 4 _aGanado lanar
_xEngorda.
_945175
650 1 4 _aGanado lanar
_xTrasplante.
_945227
650 1 4 _aHormonas
_xEfecto en animales domésticos.
_956236
650 1 4 _aZeranol.
_9123955
700 0 _aRazo Rodríguez, Oscar Enrique del.
_994901
901 _aBK
905 _aGuadalupe Pinto C.
942 _cFOLL
949 _bBC
_cTES
_d33724000710323
_eTS2
_fc.2
_h33675
_i87980
_sb
949 _bBC
_cTES
_d33724000752614
_eTS2
_fc.3
_h35734
_i87980
_sb
949 _bBC
_cTES
_d879801
_eTS1
_h33674
_i87980
_sb
999 _c77157
_d77157